000 00877cam a2200253 a 4500
005 20031230185550.0
008 940308s1993 enkab b 001 0 eng
010 _aENG-101664
020 _c225.00
_a9788184000290
035 _aEN-85197
037 _bDBAD/PUB
040 _adpl
_bEng
082 _aS
100 1 _922405
_aWood, Ramsay
245 1 0 _aKalila and dimna :
_cby Ramsay Wood with an introduction by Doris Lessing
_bthe pancatantra retold /
260 _aNoida
_bRandom House India
_c2010
270 _aMind Mill Corporate Tower, 2nd Floor, Plot No 24A Sector 16A,
_bNoida
_e201301
300 1 _aBook one (xviii,282p.)
_c18cm (pbk)
650 0 _922448
651 _922481
700 _922431
942 _2ddc
_cEN
_mWOO
_hS
999 _c48272
_d48272